Oxford thesaurus of English. (Record no. 1067)

MARC details
000 -LEADER
fixed length control field 01219cam a2200277 a 4500
001 - CONTROL NUMBER
control field 15979427
005 - DATE AND TIME OF LATEST TRANSACTION
control field 20101215094524.0
008 - FIXED-LENGTH DATA ELEMENTS--GENERAL INFORMATION
fixed length control field 091110s2009 enk d 000 0 eng d
020 ## - INTERNATIONAL STANDARD BOOK NUMBER
International Standard Book Number 9780199560813
040 ## - CATALOGING SOURCE
Transcribing agency TZ-ArACH
042 ## - AUTHENTICATION CODE
Authentication code ukblsr
-- lccopycat
050 00 - LIBRARY OF CONGRESS CALL NUMBER
Classification number PE1591
Item number .O95 2009
245 00 - TITLE STATEMENT
Title Oxford thesaurus of English.
246 33 - VARYING FORM OF TITLE
Title proper/short title Thesaurus of English
250 ## - EDITION STATEMENT
Edition statement 3rd ed. /
Remainder of edition statement [editor, Maurice Waite].
260 ## - PUBLICATION, DISTRIBUTION, ETC. (IMPRINT)
Place of publication, distribution, etc Oxford ;
-- New York :
Name of publisher, distributor, etc Oxford University Press,
Date of publication, distribution, etc c2009.
300 ## - PHYSICAL DESCRIPTION
Extent xii, 988 p. ;
Dimensions 28 cm.
500 ## - GENERAL NOTE
General note Previous ed.: 2006.
650 #0 - SUBJECT ADDED ENTRY--TOPICAL TERM
Topical term or geographic name as entry element English language
General subdivision Synonyms and antonyms
Form subdivision Dictionaries.
9 (RLIN) 154
700 1# - ADDED ENTRY--PERSONAL NAME
Personal name Waite, Maurice.
9 (RLIN) 155
906 ## - LOCAL DATA ELEMENT F, LDF (RLIN)
a 7
b cbc
c copycat
d 2
e ncip
f 20
g y-gencatlg
942 ## - ADDED ENTRY ELEMENTS (KOHA)
Source of classification or shelving scheme Library of Congress Classification
Koha item type Books
Holdings
Home library Current library Shelving location Date acquired Full call number Barcode Koha item type Public note
African Court on Human and Peoples' Rights Library African Court on Human and Peoples' Rights Library   15/12/2010 PE1591 .O95 (Reserve Section) 10010173 Books Located at Reserve Section
African Court on Human and Peoples' Rights Library African Court on Human and Peoples' Rights Library   15/12/2010 PE1591 .O95 10010211 Books  

African Court on Human and Peoples' Rights | For Inquiries Contact » +255 272 510 510